Lý thuyết tiền tệ - ngân hàng
Gorde:
| Egile nagusia: | |
|---|---|
| Formatua: | Liburua |
| Hizkuntza: | Undetermined |
| Argitaratua: |
Hà Nội
Tài Chính
1998
|
| Gaiak: | |
| Etiketak: |
Etiketa erantsi
Etiketarik gabe, Izan zaitez lehena erregistro honi etiketa jartzen!
|
| Thư viện lưu trữ: | Trung tâm Học liệu Trường Đại học Cần Thơ |
|---|
| LEADER | 00571nam a2200205Ia 4500 | ||
|---|---|---|---|
| 001 | CTU_27595 | ||
| 008 | 210402s9999 xx 000 0 und d | ||
| 020 | |c 40000 | ||
| 082 | |a 332.1 | ||
| 082 | |b H513 | ||
| 100 | |a Nguyễn, Ngọc Hùng | ||
| 245 | 0 | |a Lý thuyết tiền tệ - ngân hàng | |
| 245 | 0 | |c Nguyễn Ngọc Hùng | |
| 260 | |a Hà Nội | ||
| 260 | |b Tài Chính | ||
| 260 | |c 1998 | ||
| 650 | |a Banks and banking,Money | ||
| 650 | |x Accounting | ||
| 904 | |i Huỳnh Mai | ||
| 980 | |a Trung tâm Học liệu Trường Đại học Cần Thơ | ||